<?xml version="1.0" encoding="UTF-8"?>
<record
    xmlns:xsi="http://www.w3.org/2001/XMLSchema-instance"
    xsi:schemaLocation="http://www.loc.gov/MARC21/slim http://www.loc.gov/standards/marcxml/schema/MARC21slim.xsd"
    xmlns="http://www.loc.gov/MARC21/slim">

  <leader>01412nam a22002537a 4500</leader>
  <controlfield tag="005">20080924160551.0</controlfield>
  <controlfield tag="008">080924t        xxu||||| |||| 00| f hin d</controlfield>
  <datafield tag="010" ind1=" " ind2=" ">
    <subfield code="a">HIN-84161</subfield>
  </datafield>
  <datafield tag="020" ind1=" " ind2=" ">
    <subfield code="a">8186425454</subfield>
    <subfield code="c">95.00</subfield>
  </datafield>
  <datafield tag="035" ind1=" " ind2=" ">
    <subfield code="a">HN-56507</subfield>
  </datafield>
  <datafield tag="037" ind1=" " ind2=" ">
    <subfield code="b">DBAD / PUB</subfield>
  </datafield>
  <datafield tag="040" ind1=" " ind2=" ">
    <subfield code="a">DPL</subfield>
    <subfield code="b">HN</subfield>
  </datafield>
  <datafield tag="082" ind1=" " ind2=" ">
    <subfield code="a">&#x909;</subfield>
  </datafield>
  <datafield tag="100" ind1=" " ind2=" ">
    <subfield code="a">&#x92E;&#x93F;&#x932;&#x94D;&#x92F;&#x93E;&#x938;, &#x916;&#x941;&#x906;&#x928; &#x916;&#x94B;&#x938;&#x947;</subfield>
  </datafield>
  <datafield tag="245" ind1=" " ind2=" ">
    <subfield code="a">&#x92F;&#x939; &#x925;&#x940; &#x924;&#x928;&#x94D;&#x939;&#x93E;&#x908;&#x903;</subfield>
    <subfield code="b">(&#x932;&#x93E; &#x938;&#x94B;&#x932;&#x947;&#x926;&#x93E;&#x926; &#x90F;&#x930;&#x93E; &#x90F;&#x938;&#x94D;&#x924;&#x94B; &#x915;&#x93E; &#x92E;&#x942;&#x932; &#x938;&#x94D;&#x92A;&#x947;&#x928;&#x940; &#x938;&#x947; &#x905;&#x928;&#x941;&#x935;&#x93E;&#x926;) /</subfield>
    <subfield code="c">&#x916;&#x941;&#x906;&#x928; &#x916;&#x94B;&#x938;&#x947; &#x92E;&#x93F;&#x932;&#x94D;&#x92F;&#x93E;&#x938;; &#x935;&#x93F;&#x92D;&#x93E; &#x92E;&#x94B;&#x930;&#x94D;&#x92F; &#x926;&#x94D;&#x935;&#x93E;&#x930;&#x93E; &#x905;&#x928;&#x941;&#x926;&#x93F;&#x924;</subfield>
  </datafield>
  <datafield tag="260" ind1=" " ind2=" ">
    <subfield code="a">&#x928;&#x908; &#x926;&#x93F;&#x932;&#x94D;&#x932;&#x940;</subfield>
    <subfield code="b">&#x915;&#x949;&#x928;&#x92B;&#x94D;&#x932;&#x941;&#x90F;&#x902;&#x938; &#x907;&#x902;&#x91F;&#x930;&#x928;&#x947;&#x936;&#x928;&#x932;</subfield>
    <subfield code="c">2007</subfield>
  </datafield>
  <datafield tag="270" ind1=" " ind2=" ">
    <subfield code="a">203/&#x908;-588,&#x917;&#x94D;&#x930;&#x947;&#x91F;&#x930; &#x915;&#x948;&#x932;&#x93E;&#x936;-2</subfield>
    <subfield code="b">&#x928;&#x908; &#x926;&#x93F;&#x932;&#x94D;&#x932;&#x940;</subfield>
    <subfield code="e">110048</subfield>
    <subfield code="k">911129216832</subfield>
    <subfield code="m">confiuence@connectgroup.in</subfield>
  </datafield>
  <datafield tag="300" ind1=" " ind2=" ">
    <subfield code="a">96&#x92A;&#x943;</subfield>
    <subfield code="c">22&#x938;&#x947;&#x92E;&#x940; (&#x905;&#x91C;&#x93F;&#x932;&#x94D;&#x926;)</subfield>
  </datafield>
  <datafield tag="650" ind1=" " ind2=" ">
    <subfield code="2">&#x938;&#x94D;&#x92A;&#x947;&#x928;&#x940; &#x915;&#x925;&#x93E; &#x938;&#x93E;&#x939;&#x93F;&#x924;&#x94D;&#x92F;</subfield>
    <subfield code="x">&#x939;&#x93F;&#x928;&#x94D;&#x926;&#x940; &#x92E;&#x947;. &#x905;&#x928;&#x941;&#x935;&#x93E;&#x926;</subfield>
  </datafield>
  <datafield tag="650" ind1=" " ind2=" ">
    <subfield code="2">Spanish fiction</subfield>
    <subfield code="x">Translations into Hindi</subfield>
  </datafield>
  <datafield tag="700" ind1=" " ind2=" ">
    <subfield code="a">&#x92E;&#x94B;&#x930;&#x94D;&#x92F;, &#x935;&#x93F;&#x92D;&#x93E;</subfield>
  </datafield>
  <datafield tag="942" ind1=" " ind2=" ">
    <subfield code="2">ddc</subfield>
    <subfield code="c">HN</subfield>
    <subfield code="h">&#x909;</subfield>
    <subfield code="m">&#x92E;&#x93F;&#x932;&#x94D;&#x92F;&#x93E;&#x938;</subfield>
  </datafield>
  <datafield tag="999" ind1=" " ind2=" ">
    <subfield code="c">15642</subfield>
    <subfield code="d">15642</subfield>
  </datafield>
  <datafield tag="952" ind1=" " ind2=" ">
    <subfield code="0">0</subfield>
    <subfield code="1">0</subfield>
    <subfield code="2">ddc</subfield>
    <subfield code="4">0</subfield>
    <subfield code="7">1</subfield>
    <subfield code="8">FIC</subfield>
    <subfield code="a">DBAD</subfield>
    <subfield code="b">DBAD</subfield>
    <subfield code="d">2008-09-24</subfield>
    <subfield code="g">95.00</subfield>
    <subfield code="l">0</subfield>
    <subfield code="o">&#x909; &#x92E;&#x93F;&#x932;&#x94D;&#x92F;&#x93E;&#x938;</subfield>
    <subfield code="p">HN-56507</subfield>
    <subfield code="r">2008-09-24 00:00:00</subfield>
    <subfield code="t">1</subfield>
    <subfield code="v">95.00</subfield>
    <subfield code="w">2008-09-24</subfield>
    <subfield code="y">HN</subfield>
  </datafield>
</record>
